[Event "San Vicente IRT"]
[Site "San Vicente"]
[Date "2014.07.22"]
[Round "3.2"]
[White "Domenech Pont, Juan Hermenegildo"]
[Black "Fernandez Mira, Alonso"]
[Result "0-1"]
[WhiteElo "1789"]
[BlackElo "1670"]
[PlyCount "62"]
[EventDate "2014.07.21"]
[EventType "swiss"]
[EventRounds "8"]
[EventCountry "ESP"]
[SourceTitle "EXT 2024"]
[Source "ChessBase"]
[SourceDate "2023.10.10"]
[SourceVersion "1"]
[SourceVersionDate "2023.10.10"]
[SourceQuality "1"]

1. d4 Nf6 2. c4 e6 3. Nf3 Bb4+ 4. Nc3 c5 5. e3 b6 6. Bd3 Bb7 7. Bd2 0-0 8. 0-0 d5 9. cxd5 exd5 10. a3 Bxc3 11. Bxc3 Nbd7 12. Rc1 Qe7 13. Bb1 Rfd8 14. Re1 Rac8 15. Qd3 Nf8 16. Qf5 Ne4 17. Bxe4 dxe4 18. Ne5 f6 19. Nc4 Rd5 20. Qg4 Rg5 21. Qd1 Qe6 22. Nd2 Qh3 23. g3 Rh5 24. Nf1 Ba6 25. Re2 Bxe2 26. Qxe2 Kh8 27. Qc4 Ne6 28. Qe2 Ng5 29. f3 exf3 30. Qf2 Qg4 31. Qc2 f2+ 0-1

[Event "Provincial-ch Gandia Preferente"]
[Site "Gandia"]
[Date "2013.11.09"]
[Round "5"]
[White "Fernandez Mira, Alonso"]
[Black "Canamas Soler, Jose Vicente"]
[Result "1/2-1/2"]
[WhiteElo "1668"]
[BlackElo "1987"]
[PlyCount "54"]
[EventDate "2013.10.05"]
[EventType "swiss"]
[EventRounds "7"]
[EventCountry "ESP"]
[SourceTitle "EXT 2024"]
[Source "ChessBase"]
[SourceDate "2023.10.10"]
[SourceVersion "1"]
[SourceVersionDate "2023.10.10"]
[SourceQuality "1"]

1. d4 Nf6 2. Nf3 g6 3. c4 Bg7 4. Nc3 0-0 5. Bf4 d6 6. h3 Nbd7 7. e3 Re8 8. Be2 c5 9. 0-0 b6 10. Bh2 Bb7 11. Qc2 cxd4 12. exd4 Rc8 13. b3 d5 14. Qd2 Ne4 15. Nxe4 dxe4 16. Ne1 Nb8 17. Nc2 e6 18. Rad1 Nc6 19. d5 exd5 20. cxd5 Ne5 21. Bb5 Rf8 22. Ne3 a6 23. Be2 f5 24. Nc4 Nxc4 25. bxc4 Qf6 26. Bf4 Qd8 27. Be3 Be5 1/2-1/2

[Event "Provincial-ch Gandia Preferente"]
[Site "Gandia"]
[Date "2013.11.02"]
[Round "4"]
[White "Sendra Tormo, Juan"]
[Black "Fernandez Mira, Alonso"]
[Result "1/2-1/2"]
[WhiteElo "1772"]
[BlackElo "1668"]
[PlyCount "68"]
[EventDate "2013.10.05"]
[EventType "swiss"]
[EventRounds "7"]
[EventCountry "ESP"]
[SourceTitle "EXT 2024"]
[Source "ChessBase"]
[SourceDate "2023.10.10"]
[SourceVersion "1"]
[SourceVersionDate "2023.10.10"]
[SourceQuality "1"]

1. e4 c5 2. Nf3 e6 3. d4 cxd4 4. Nxd4 a6 5. c4 Nf6 6. Nc3 Bb4 7. Bd3 Nc6 8. Nxc6 dxc6 9. Qc2 e5 10. 0-0 Be6 11. a3 Bc5 12. b4 Bd4 13. Rb1 Bb6 14. c5 Bc7 15. Rd1 Qe7 16. f3 b5 17. Be3 0-0 18. Bf1 Rfd8 19. Rxd8+ Qxd8 20. Rd1 Qe7 21. Rd2 Rd8 22. Rxd8+ Qxd8 23. a4 Kf8 24. axb5 axb5 25. Qb2 Qa8 26. Bxb5 cxb5 27. Nxb5 Qb7 28. Nxc7 Qxc7 29. b5 Ne8 30. b6 Qb7 31. Qxe5 Bd7 32. Qd5 Bc6 33. Qd8 Qe7 34. Qc8 Qb7 1/2-1/2

[Event "Provincial-ch Gandia Preferente"]
[Site "Gandia"]
[Date "2013.10.26"]
[Round "3"]
[White "Fernandez Mira, Alonso"]
[Black "Ferrer Berenguer, Ligorio"]
[Result "0-1"]
[WhiteElo "1668"]
[BlackElo "2068"]
[PlyCount "66"]
[EventDate "2013.10.05"]
[EventType "swiss"]
[EventRounds "7"]
[EventCountry "ESP"]
[SourceTitle "EXT 2024"]
[Source "ChessBase"]
[SourceDate "2023.10.10"]
[SourceVersion "1"]
[SourceVersionDate "2023.10.10"]
[SourceQuality "1"]

1. d4 Nf6 2. Nf3 e6 3. g3 b6 4. Bg2 Bb7 5. 0-0 Be7 6. c4 0-0 7. d5 exd5 8. Nh4 g6 9. cxd5 d6 10. Nc3 Nbd7 11. Nf3 b5 12. Nxb5 Bxd5 13. Nc3 Bb7 14. b3 Ne4 15. Bb2 Bf6 16. Qc2 Re8 17. Nxe4 Bxe4 18. Bxf6 Nxf6 19. Qd2 Kg7 20. Rac1 Qe7 21. e3 c5 22. Ng5 Bxg2 23. Kxg2 h6 24. Nf3 Rad8 25. Qc3 Kg8 26. Rfd1 Ne4 27. Qc2 Qb7 28. Qc4 d5 29. Qd3 g5 30. Kf1 Qc8 31. Qc2 Qg4 32. Qe2 d4 33. b4 d3 0-1

[Event "Provincial-ch Gandia Preferente"]
[Site "Gandia"]
[Date "2013.10.05"]
[Round "1"]
[White "Fernandez Mira, Alonso"]
[Black "Soler Ollero, Guillermo"]
[Result "1-0"]
[WhiteElo "1668"]
[BlackElo "1827"]
[PlyCount "55"]
[EventDate "2013.10.05"]
[EventType "swiss"]
[EventRounds "7"]
[EventCountry "ESP"]
[SourceTitle "EXT 2024"]
[Source "ChessBase"]
[SourceDate "2023.10.10"]
[SourceVersion "1"]
[SourceVersionDate "2023.10.10"]
[SourceQuality "1"]

1. d4 c5 2. Nf3 cxd4 3. Nxd4 d5 4. g3 Nf6 5. Bg2 Nc6 6. c4 e6 7. Nc3 Bc5 8. Nxc6 bxc6 9. 0-0 0-0 10. Qc2 Qc7 11. Bg5 Be7 12. Rac1 h6 13. Bxf6 Bxf6 14. cxd5 cxd5 15. Nxd5 Qxc2 16. Nxf6+ gxf6 17. Rxc2 Rb8 18. b3 Rd8 19. Rfc1 Bd7 20. Rc7 a5 21. Ra7 a4 22. b4 Rxb4 23. Rd1 Rb2 24. Raxd7 Rxd7 25. Rxd7 Rxe2 26. a3 Ra2 27. Rd3 Re2 28. Rd4 1-0

[Event "ESP-ch U14"]
[Site "Salobrena"]
[Date "2012.07.11"]
[Round "5"]
[White "Fernandez Mira, Alonso"]
[Black "Lopez Rivera, Jesus"]
[Result "0-1"]
[WhiteElo "1626"]
[BlackElo "1800"]
[PlyCount "68"]
[EventDate "2012.07.09"]
[EventType "swiss"]
[EventRounds "9"]
[EventCountry "ESP"]
[SourceTitle "EXT 2014"]
[Source "ChessBase"]
[SourceDate "2013.11.20"]
[SourceVersion "1"]
[SourceVersionDate "2013.11.20"]
[SourceQuality "1"]

1. d4 Nf6 2. c4 g6 3. Nc3 Bg7 4. Nf3 0-0 5. h3 d6 6. Bf4 Nbd7 7. e3 Re8 8. Bh2 c6 9. Be2 Qa5 10. a3 Ne4 11. Qc2 Nxc3 12. bxc3 e5 13. 0-0 f5 14. Qb3 c5 15. Rfe1 b6 16. Rad1 Re7 17. Nd2 Bb7 18. Bf3 Bxf3 19. Nxf3 Rae8 20. Kf1 Nf8 21. Bg3 h6 22. h4 Re6 23. Bh2 Bf6 24. Bg3 g5 25. hxg5 hxg5 26. d5 R6e7 27. e4 f4 28. Bh2 g4 29. Nd2 Rh7 30. Kg1 Ng6 31. Nb1 Kg7 32. Bxf4 Nxf4 33. Qb5 Qxb5 34. cxb5 Reh8 0-1

[Event "Mondariz op 9th"]
[Site "Mondariz Balneario"]
[Date "2011.08.28"]
[Round "7.29"]
[White "Fernandez Mira, Alonso"]
[Black "Costa, Andre Milheiro"]
[Result "0-1"]
[WhiteElo "1252"]
[BlackElo "1321"]
[PlyCount "114"]
[EventDate "2011.08.22"]
[EventType "swiss"]
[EventRounds "7"]
[EventCountry "ESP"]
[SourceTitle "EXT 2024"]
[Source "ChessBase"]
[SourceDate "2023.10.10"]
[SourceVersion "1"]
[SourceVersionDate "2023.10.10"]
[SourceQuality "1"]

1. d4 Nf6 2. Nf3 g6 3. g3 Bg7 4. Bg2 0-0 5. 0-0 d6 6. Bf4 Nbd7 7. c4 Re8 8. Nc3 e5 9. dxe5 dxe5 10. Bg5 h6 11. Bxf6 Bxf6 12. Ne4 Bg7 13. Rc1 f5 14. Qd5+ Kh7 15. Nc3 c6 16. Qd6 Nb6 17. Qxd8 Rxd8 18. c5 Nd5 19. Nxd5 cxd5 20. b3 Bd7 21. Rfd1 Bc6 22. h4 Rac8 23. Rd2 Bf6 24. Rcd1 g5 25. hxg5 hxg5 26. Nh2 d4 27. b4 Bxg2 28. Kxg2 f4 29. gxf4 gxf4 30. Ng4 Rg8 31. f3 Kg7 32. Kf2 Rh8 33. Rg1 Kf7 34. Rdd1 Ke6 35. Rg2 Bh4+ 36. Kg1 Bg3 37. Nh2 Rh7 38. Nf1 Rch8 39. Nxg3 fxg3 40. Kf1 Rh1+ 41. Rg1 g2+ 42. Kxg2 R8h2+ 43. Kf1 Rxg1+ 44. Kxg1 Rxe2 45. a3 Re3 46. f4 Kf5 47. fxe5 Kxe5 48. a4 d3 49. Kf2 Ke4 50. b5 Rf3+ 51. Kg2 Rf5 52. c6 bxc6 53. bxc6 Rc5 54. Kf2 Rxc6 55. Ke1 Rd6 56. Rb1 Ke3 57. Kd1 Rh6 0-1

[Event "Mondariz op 9th"]
[Site "Mondariz Balneario"]
[Date "2011.08.25"]
[Round "4.24"]
[White "Fernandez Mira, Alonso"]
[Black "Guerra Arrocha, Daniel"]
[Result "0-1"]
[WhiteElo "1252"]
[BlackElo "1733"]
[PlyCount "68"]
[EventDate "2011.08.22"]
[EventType "swiss"]
[EventRounds "7"]
[EventCountry "ESP"]
[SourceTitle "EXT 2024"]
[Source "ChessBase"]
[SourceDate "2023.10.10"]
[SourceVersion "1"]
[SourceVersionDate "2023.10.10"]
[SourceQuality "1"]

1. d4 g6 2. c4 Nf6 3. f3 Bg7 4. e4 d6 5. Nc3 0-0 6. Be3 Nc6 7. Nge2 e5 8. Qd2 exd4 9. Nxd4 Nxd4 10. Bxd4 Re8 11. 0-0-0 a5 12. Kb1 a4 13. a3 Nd7 14. Bxg7 Kxg7 15. Qd4+ Kg8 16. Bd3 Nc5 17. Bc2 Bd7 18. Nd5 Ne6 19. Nf6+ Kh8 20. Nxe8+ Nxd4 21. Rxd4 Qxe8 22. Rhd1 Qe5 23. g3 Ra6 24. Rd5 Qf6 25. f4 Rb6 26. e5 dxe5 27. fxe5 Qe7 28. Rxd7 Qxa3 29. Rd8+ Kg7 30. Kc1 Rxb2 31. e6 Rb6+ 32. Kd2 Qb4+ 33. Ke2 Rxe6+ 34. Kf2 Qxc4 0-1

[Event "Mondariz op 9th"]
[Site "Mondariz Balneario"]
[Date "2011.08.23"]
[Round "2.28"]
[White "Fernandez Mira, Alonso"]
[Black "Carballo Cancela, Manuel"]
[Result "1-0"]
[WhiteElo "1252"]
[BlackElo "1575"]
[PlyCount "83"]
[EventDate "2011.08.22"]
[EventType "swiss"]
[EventRounds "7"]
[EventCountry "ESP"]
[SourceTitle "EXT 2024"]
[Source "ChessBase"]
[SourceDate "2023.10.10"]
[SourceVersion "1"]
[SourceVersionDate "2023.10.10"]
[SourceQuality "1"]

1. d4 Nf6 2. c4 g6 3. f3 Bg7 4. Nc3 d6 5. e4 Nbd7 6. Nge2 c5 7. Be3 0-0 8. Qd2 Re8 9. 0-0-0 cxd4 10. Nxd4 Nb6 11. g4 Bd7 12. h4 Rc8 13. b3 e6 14. Bh6 Bh8 15. h5 Qe7 16. hxg6 fxg6 17. Bg5 Qf8 18. Qh2 Re7 19. Ndb5 Bxb5 20. Nxb5 d5 21. Nd6 Rc6 22. e5 dxc4 23. Bxc4 Nxc4 24. Nxc4 b5 25. exf6 Rf7 26. Bh6 Qc8 27. Bg7 Rxg7 28. fxg7 Bxg7 29. Qxh7+ Kf7 30. Kb1 bxc4 31. Qh2 cxb3 32. axb3 Ra6 33. Qf4+ Kg8 34. Qc4 Ra1+ 35. Kc2 Ra2+ 36. Kd3 Qd8+ 37. Ke4 Qa8+ 38. Ke3 Qe8 39. Rd6 Kf7 40. Qc7+ Qe7 41. Rd7 Bd4+ 42. Kd3 1-0